Premier Lacrosse League Teams - Statistics

General Stats
  • This quiz has been taken 754 times
  • The average score is 7 of 8
Answer Stats
Answer % Correct
New York Atlas
87%
Maryland Whipsnakes
86%
Philadelphia Waterdogs
86%
California Redwoods
84%
Carolina Chaos
84%
Boston Cannons
83%
Utah Archers
81%
Denver Outlaws
80%
No matching quizzes found
Score Distribution
Percent of People with Each Score
Percentile by Number Answered
Your Score History
You have not taken this quiz